Statistiques concernant Trouvez le pays par sa description de drapeau

Cliquez ici pour prendre le quiz!

Statistiques générales

  • Ce quiz a été pris 312 fois
  • Le résultat moyen est 8 sur 10

Statistiques - réponses

DescriptionsRéponses% Correct
Fond rouge
5 étoiles jaunes
Chine
95%
Fond blanc
Cercle rouge
Japon
94%
2 bandes horizontales
Une bleu l'autre jaune
Ukraine
94%
3 bandes verticales: 2 rouges et une blanche
Au centre une feuille d'érable
Canada
93%
Les couleurs de la côte d'ivoire inverséesIrlande
89%
Seul pays qui ne possède pas un drapeau rectangulaireNépal
85%
3 bandes horizontales: 2 bleues et 1 blanche
Au centre, un soleil
Argentine
83%
Fond rouge
étoile verte au centre
Maroc
82%
13 bandes horizontales rouges et blanches
En haut à gauche un croissant et une étoile jaune sur un fond bleu
Malaisie
65%
Fond bleu
Croix rouge entourée de blanc
Islande
62%

Distribution des résultats

Percentile par nombre de réponses

% des personnes avec chaque résultat

Votre développement - résultats

Vous n’avez pas pris ce quiz